<?xml version="1.0" encoding="UTF-8"?>
<collection xmlns="http://www.loc.gov/MARC21/slim">
 <record>
  <leader>01580nam a2200205Ia 4500</leader>
  <controlfield tag="001">CTU_92256</controlfield>
  <controlfield tag="008">210402s9999    xx            000 0 und d</controlfield>
  <datafield tag="020" ind1=" " ind2=" ">
   <subfield code="c">21000</subfield>
  </datafield>
  <datafield tag="082" ind1=" " ind2=" ">
   <subfield code="a">355.3</subfield>
  </datafield>
  <datafield tag="082" ind1=" " ind2=" ">
   <subfield code="b">Th103</subfield>
  </datafield>
  <datafield tag="100" ind1=" " ind2=" ">
   <subfield code="a">Lê, Văn Thái</subfield>
  </datafield>
  <datafield tag="245" ind1=" " ind2="0">
   <subfield code="a">Tư tưởng Hồ Chí Minh về</subfield>
  </datafield>
  <datafield tag="245" ind1=" " ind2="0">
   <subfield code="b">xây dựng  lực lượng vũ trang cách mạng Việt Nam trong thời kỳ 1930- 1945</subfield>
  </datafield>
  <datafield tag="245" ind1=" " ind2="0">
   <subfield code="c">Lê Văn Thái</subfield>
  </datafield>
  <datafield tag="260" ind1=" " ind2=" ">
   <subfield code="a">Hà Nội</subfield>
  </datafield>
  <datafield tag="260" ind1=" " ind2=" ">
   <subfield code="b">Chính trị Quốc gia</subfield>
  </datafield>
  <datafield tag="260" ind1=" " ind2=" ">
   <subfield code="c">2005</subfield>
  </datafield>
  <datafield tag="520" ind1=" " ind2=" ">
   <subfield code="a">Sách cung cấp các thông tin góp phần làm sáng tỏ nguồn gốc, quá trình hình thành và nội dung tư tưởng Hồ Chí Minh về xây dựng lực lượng vũ trang nhân dân trong giai đoạn từ tháng 2-1930 đến tháng 8-1945, giai đoạn hình thành những quan điểm rất cơ bản không chỉ soi sáng cho lực lượng vũ trang lúc bấy giờ mà còn tiếp tục soi sáng cho các giai đoạn lịch sử kế tiếp, nhắm củng cố nền tảng tư tưởng quân đội và vận dụng, phát triển những quan điểm của Chủ tịch Hồ Chí Minh vào thực tiễn xây dựng lực lượng vũ trang trong công cuộc công nghiệp hóa, hiện đại hóa đất nước và củng cố quốc phòng toàn dân hiện nay</subfield>
  </datafield>
  <datafield tag="904" ind1=" " ind2=" ">
   <subfield code="i">Mai Loan, H.Mai</subfield>
  </datafield>
  <datafield tag="980" ind1=" " ind2=" ">
   <subfield code="a">Trung tâm Học liệu Trường Đại học Cần Thơ</subfield>
  </datafield>
 </record>
</collection>
